[Event "Molise Region-ch"]
[Site "Campobasso"]
[Date "2008.01.19"]
[Round "1"]
[White "Spinnato, Sting Antonio"]
[Black "Chicco, Giancarlo"]
[Result "1/2-1/2"]
[WhiteElo "1437"]
[BlackElo "1601"]
[PlyCount "32"]
[EventDate "2008.01.19"]
[EventType "swiss"]
[EventRounds "3"]
[EventCountry "ITA"]
[SourceTitle "EXT 2011"]
[Source "ChessBase"]
[SourceDate "2010.11.26"]
[SourceVersion "1"]
[SourceVersionDate "2010.11.26"]
[SourceQuality "1"]

1. d4 b6 2. Nf3 Bb7 3. Nbd2 g6 4. g3 Bg7 5. Bg2 e6 6. 0-0 d6 7. b3 Ne7 8. Bb2 Nd7 9. e4 0-0 10. c4 Nc5 11. Qc2 Nd7 12. d5 e5 13. Rfe1 a5 14. Bc3 h6 15. Bh3 Kh7 16. Nh4 Nc5 1/2-1/2